Yüklüyor......
Agricultural finance in India
| Yazar: | |
|---|---|
| Materyal Türü: | Printed Book |
| Dil: | Undetermined English |
| Baskı/Yayın Bilgisi: |
New Delhi
New century Publications
2008
|
| Konular: |
| LEADER | 00666nam a2200205Ia 4500 | ||
|---|---|---|---|
| 008 | 140306s9999 xx 000 0 und d | ||
| 020 | |a 9788177081800 | ||
| 041 | |a eng | ||
| 082 | |a 332.71 |b PRA/AG | ||
| 100 | |a Prabhakar, K.Rajkumar | ||
| 245 | |a Agricultural finance in India | ||
| 260 | |a New Delhi |b New century Publications |c 2008 | ||
| 300 | |a 231 | ||
| 365 | |b Rs.545/- | ||
| 650 | |a Agricultural finance | ||
| 650 | |a Indian Agriculture | ||
| 650 | |a Refinancing scheme of NABARD | ||
| 942 | |2 ddc |c BK | ||
| 999 | |c 187325 |d 187325 | ||
| 952 | |0 0 |1 0 |2 ddc |4 0 |6 332_710000000000000_PRA_AG |7 0 |9 193414 |a KAUCBV |b KAUCBV |d 2010-12-08 |g 545.00 |o 332.71 PRA/AG |r 2014-03-22 |w 2014-03-22 |y BK | ||